000 00588nam a2200193 i 4500
001 104095
003 ES-MaACL
005 20250831112449.0
007 t|
008 051123s1969 sp ||||1| spa d
100 1 _aMeyendorff, Jean.
_980776
245 1 3 _aLa iglesia ortodoxa, ayer y hoy /
_cJean Meyendorff; versión... de Donald Williams.
260 _aBilbao :
_bDesclée de Brouwer,
_c1969.
300 _a204 p. ;
_c20 cm.
610 2 4 _aIglesia Ortodoxa
_94689
700 0 _aWilliams, Donald Bryan.
_9116918
852 _aES-MaACL
_jC-37031
_bR.69600
999 _c104095
_d104095